000 00223 a2200097 4500
001 12959
100 _aChauhan,S,S.
245 _ainside CIA: Lessons in Intelligence
260 _a
_bAPH Publication
_c
090 _c9958
_d9958
942 _aNUST-CAE
_cM
_c36886
999 _c248032
_d248032